Normal view
MARC view
- Islam -- Doctrines
Entry Topical Term
001 - CONTROL NUMBER
- control field: 37252
003 - CONTROL NUMBER IDENTIFIER
- control field: NUST
005 - DATE AND TIME OF LATEST TRANSACTION
- control field: 20210314130231.0
008 - FIXED-LENGTH DATA ELEMENTS
- fixed length control field: 210314|| aca||aabn | a|a d
040 ## - CATALOGING SOURCE
- Original cataloging agency: NUST
- Transcribing agency: NUST
150 ## - HEADING--TOPICAL TERM
- Topical term or geographic name entry element: Islam -- Doctrines
670 ## - SOURCE DATA FOUND
- Source citation: Work cat.: (NUST): Nasr, Seyyed Hossein. 181, A Young Muslim's Guide to the Modern World., 1998.
